000 01099nam0a22003251 4500
001 rc\2212719
005 20250623031322.0
035 _a(NLR Aleph) 006542029
090 _a6647102
_c6647102
100 _a20110826d1978 |||y0rusy50 ca
101 0 _arus
102 _aRU
105 _aa z |||||
200 1 _aСовместная профориентационная работа школ, ПТУ и предприятий
210 _aТашкент
_cУкитувчи
_d1978
215 _a199 с.
_cил.
_d20
320 _aСписок лит.: с. 181-198
606 _aПрофессиональная ориентация
_2psbo
686 _aч31,6(2)202.5,0
_2rubbk
686 _aч31,6(2)54,0
_2rubbk
700 1 _7ca
_8rus
_aПрилук
_bЛ. А.
_f1936-
_gЛеонид Александрович
_9172229
_3RU\NLR\AUTH\770172279
801 1 _aRU
_bELAR
_2rusmarc
801 0 _aRU
_bNLR
_gpsbo
852 _aNLR
_j78-3/4447
899 _aRuMoRGB
_jБ 78-21/1442
899 _aRuMoRGB
_jБ 78-21/1443
899 _aRuMoRGB
_jДк 81-13/359
942 _cBOOK
980 _aNB